|
|
|
|
| LEADER |
01166nam a2200277 a 4500 |
| 001 |
1685979 |
| 008 |
090727s1994 dcu 000 1 eng d |
| 010 |
|
|
|a 99029034
|
| 020 |
|
|
|a 0140621237
|
| 040 |
|
|
|a DLC
|c DLC
|d DLC
|
| 082 |
0 |
0 |
|a 823/.8
|2 21
|
| 100 |
1 |
|
|a Haggard, H. Rider
|q (Henry Rider),
|d 1856-1925.
|
| 245 |
1 |
0 |
|a King Solomon's mines /
|c H. Rider Haggard.
|
| 260 |
|
|
|a Washington, D.C. ;
|a Lanham, MD ;
|a London:
|b Distributed to the trade by National Book Network;
|b Regnery Pub. ;
|b Penguin Books,
|c c1994.
|
| 300 |
|
|
|a xi, 298 p. ;
|c 18 cm.
|
| 490 |
|
0 |
|a Penguin Popular Classics.
|
| 541 |
1 |
|
|e 00010037
|
| 650 |
|
0 |
|a Quatermain, Allan (Fictitious character)
|v Fiction.
|
| 650 |
|
0 |
|a Diamond mines and mining
|v Fiction.
|
| 650 |
|
0 |
|a Missing persons
|v Fiction.
|
| 650 |
|
0 |
|a Treasure troves
|v Fiction.
|
| 650 |
|
0 |
|a Hunting guides
|v Fiction.
|
| 651 |
|
0 |
|a Africa
|v Fiction.
|
| 852 |
4 |
|
|a Ayesha Abed Library
|j General Shelf.
|
| 999 |
|
|
|c 3011
|d 3011
|
| 952 |
|
|
|0 0
|1 0
|2 ddc
|4 0
|6 823_800000000000000_HAG_1994
|7 0
|9 2726
|a BRACUL
|b BRACUL
|c GEN
|d 2009-08-18
|g 0.00
|l 15
|m 127
|o 823.8 HAG
|p 3010010037
|r 2025-06-30
|s 2025-06-22
|t 1
|w 2009-08-18
|y BK
|x No price found in the accession register.
|